[Event "OP-2017-0-04413"]
[Site "LSS email"]
[Date "2017.08.19"]
[Round "?"]
[White "Mathes, Christian"]
[Black "Firnhaber, Ingo"]
[Result "1/2-1/2"]
[WhiteElo "1098"]
[BlackElo "2411"]
[PlyCount "138"]
[EventDate "2017.08.12"]
[EventType "tourn (corr)"]
[EventRounds "4"]
[EventCountry "GER"]
[SourceTitle "Corr 2022"]
[Source "ChessBase"]
[SourceDate "2021.10.24"]
[SourceVersion "1"]
[SourceVersionDate "2021.10.24"]
[SourceQuality "1"]

1. d4 f5 2. g3 g6 3. Bg2 Nf6 4. Nf3 Bg7 5. 0-0 0-0 6. c4 d6 7. Nc3 c6 8. Rb1 a5 9. Qb3 h6 10. Rd1 Na6 11. Be3 Rb8 12. Rbc1 Kh7 13. c5 Nc7 14. Qa3 Be6 15. Bf4 Nce8 16. Ne1 b5 17. cxb6 Qxb6 18. Nd3 Nc7 19. Bd2 Rfc8 20. b3 Qa6 21. e3 Ra8 22. Qb2 Ncd5 23. Nxd5 Bxd5 24. Bxd5 Nxd5 25. Qc2 Qb7 26. Be1 Qb5 27. Qd2 h5 28. Rc2 a4 29. b4 a3 30. Rdc1 Nf6 31. Nf4 Qb7 32. Qd3 Bh6 33. Ng2 Kg7 34. Bd2 e6 35. Ne1 Ne4 36. Qc4 Kf7 37. Qe2 d5 38. Nd3 Bg7 39. f3 Nd6 40. Nc5 Qb5 41. Qf2 Nc4 42. e4 Rf8 43. e5 Rh8 44. Nd3 Bh6 45. Bxh6 Rxh6 46. h4 Rg8 47. Rc3 g5 48. hxg5 Rxg5 49. Kh1 Qb6 50. Rb3 Rg8 51. Rcb1 Rb8 52. Nf4 Rhh8 53. Kg2 Qa7 54. Rh1 Qe7 55. Rxh5 Rxh5 56. Nxh5 Rxb4 57. Rxb4 Qxb4 58. g4 Qb2 59. Kg3 fxg4 60. fxg4+ Qxf2+ 61. Kxf2 c5 62. dxc5 Nxe5 63. g5 Nd3+ 64. Ke3 Nxc5 65. Nf4 Nb3 66. g6+ Kf6 67. g7 Kxg7 68. Nxe6+ Kf6 69. Nf4 Nc1 1/2-1/2

[Event "OP-2017-0-04414"]
[Site "LSS email"]
[Date "2017.08.19"]
[Round "?"]
[White "Mathes, Christian"]
[Black "Stoelzel, Werner"]
[Result "1-0"]
[WhiteElo "1098"]
[BlackElo "789"]
[PlyCount "33"]
[EventDate "2017.08.14"]
[EventType "tourn (corr)"]
[EventRounds "4"]
[EventCountry "GER"]
[SourceTitle "Corr 2022"]
[Source "ChessBase"]
[SourceDate "2021.10.24"]
[SourceVersion "1"]
[SourceVersionDate "2021.10.24"]
[SourceQuality "1"]

1. d4 d5 2. c4 e6 3. Nc3 Nf6 4. cxd5 exd5 5. Bg5 c6 6. e3 Be7 7. Bd3 Nbd7 8. Qc2 0-0 9. Nge2 h6 10. Bh4 g5 11. Bg3 h5 12. h4 g4 13. f3 gxf3 14. gxf3 Nb6 15. 0-0-0 c5 16. Rdg1 c4 17. Bc7+ 1-0